| 000 | 00787nam a2200229 i 4500 | ||
|---|---|---|---|
| 001 | 72496 | ||
| 003 | ES-MaACL | ||
| 005 | 20250728063123.0 | ||
| 007 | t| | ||
| 008 | 040901s1915 ag ||||1| spa d | ||
| 080 | _a56:599 | ||
| 100 | 1 |
_aGez, Juan Wenceslao, _d1865-1932 _eaut _956548 |
|
| 245 | 1 | 3 |
_aEl mastodón platensis de Corrientes (Mastodon Piryauiense) : _bconferencia dada en el Teatro Juan de Vera el 10 de diciembre de 1914 / _cJuan W. Gez |
| 250 | _a2ª ed. | ||
| 260 |
_aCorrientes (Argentina): _bImp. del Estado, _c1915 |
||
| 300 | _bilustraciones | ||
| 650 | 7 |
_aMamíferos fósiles _2embne _9241402 |
|
| 852 |
_aES-MaACL _cDEPOF _hDonativo argentino _j1592-F-16 |
||
| 942 |
_2udc _cFOLLETOS _n0 |
||
| 999 |
_c72496 _d72496 |
||